[Event "AUTO-OPEN-1111"]
[Site "http://www.queenalice.com/game.php?id=394988"]
[Date "2008.4.28"]
[Round "1"]
[White "Neuschwanstein_Schloss"]
[Black "donkiko"]
[Result "0-1"]
[WhiteElo "1616"]
[BlackElo "1963"]

1. e4 c5 2. Nf3 Nc6 3. Bc4 e5 4. d3 h6 5. Nc3 a6 6. Nd5 b5 7. Bb3 d6 8. Nd4 Nxd4
9. c3 Nxb3 10. Qxb3 Nf6 11. Nxf6+ Qxf6 12. O-O Be6 13. c4 a5 14. Qxb5+ Bd7 15.
Qb7 Rd8 16. Bd2 Be7 17. a4 O-O 18. f4 exf4 19. Bxf4 Qd4+ 20. Kh1 Bf6 21. b3 Bg4
22. Qd5 Qxd5 23. exd5 Bxa1 24. Rxa1 g5 25. Be3 Be2 26. h4 f6 27. g3 Rde8 28. Bd2
Bxd3 29. Bxa5 Re2 30. h5 Rfe8 31. Bc3 Kf7 32. a5 Rc2 33. Be1 Ree2 34. g4 Be4+
35. Kg1 Rg2+ 36. Kh1 Rxg4# 0-1

[Event "AUTO-BEG-227"]
[Site "http://www.queenalice.com/game.php?id=421617"]
[Date "2008.6.22"]
[Round "1"]
[White "AlexsandroB"]
[Black "Neuschwanstein_Schloss"]
[Result "0-1"]
[WhiteElo "1505"]
[BlackElo "1568"]

1. d4 d5 2. c4 Nf6 3. Nf3 dxc4 4. Nc3 c6 5. e3 Bg4 6. Bxc4 e6 7. h3 Bxf3 8. Qxf3
b5 9. Bxb5 Nbd7 10. Bxc6 Bb4 11. Bxa8 O-O 12. Be4 Qa5 13. Bd2 Bxc3 14. Bxc3 Qa4
15. O-O Qb5 16. Bc6 Qb8 17. Rfc1 Nb6 18. e4 Qd6 19. e5 Qe7 20. exf6 gxf6 0-1

[Event "AUTO-BEG-227"]
[Site "http://www.queenalice.com/game.php?id=421618"]
[Date "2008.6.22"]
[Round "1"]
[White "Neuschwanstein_Schloss"]
[Black "waganso"]
[Result "0-1"]
[WhiteElo "1582"]
[BlackElo "1544"]

1. e4 b6 2. Nf3 Bb7 3. Nc3 d5 4. exd5 Bxd5 5. d4 Bxf3 6. Qxf3 Na6 7. Bxa6 e6 8.
Bb5+ Ke7 9. d5 e5 10. Bc4 Nf6 11. Qf5 g6 12. Qf3 a6 13. Bg5 Bg7 14. O-O h6 0-1

[Event "AUTO-BEG-227"]
[Site "http://www.queenalice.com/game.php?id=421619"]
[Date "2008.6.22"]
[Round "1"]
[White "waganso"]
[Black "Neuschwanstein_Schloss"]
[Result "1-0"]
[WhiteElo "1525"]
[BlackElo "1612"]

1. b3 e5 2. Bb2 d6 3. e3 Nf6 4. Nf3 Bg4 5. h3 Bxf3 6. Qxf3 e4 7. Qf4 d5 8. Bb5+
c6 9. Be2 Bd6 10. Qg5 O-O 11. O-O Qe7 12. f3 h6 13. Bxf6 Qxf6 14. Qxf6 Nd7 15.
Qxd6 1-0

[Event "Challenge"]
[Site "http://www.queenalice.com/game.php?id=451708"]
[Date "2008.8.21"]
[Round "-"]
[White "Neuschwanstein_Schloss"]
[Black "AlexsandroB"]
[Result "1-0"]
[WhiteElo "1593"]
[BlackElo "1505"]

1. e4 c5 2. b3 d6 3. g3 Nf6 4. Bg2 g6 5. Nf3 Nxe4 6. O-O Bg7 7. d3 Nxf2 8. Kxf2
Bxa1 9. c3 d5 10. a4 d4 11. c4 Nc6 12. Kg1 1-0

[Event "Challenge"]
[Site "http://www.queenalice.com/game.php?id=486601"]
[Date "2008.11.1"]
[Round "-"]
[White "Philomais"]
[Black "Neuschwanstein_Schloss"]
[Result "1-0"]
[WhiteElo "1491"]
[BlackElo "1592"]

1. e4 e5 2. c3 Nc6 3. Na3 Bc5 4. b4 Bb6 5. Nc4 d5 6. Nxb6 cxb6 7. exd5 Qxd5 8.
Nf3 Bg4 9. b5 Nce7 10. c4 Qe4+ 11. Be2 Nf5 12. d3 Ne3 13. dxe4 Nxd1 14. Bxd1 f6
15. h3 Be6 16. O-O Ne7 17. Ba3 O-O 18. Bxe7 Rfc8 19. Bb3 Bxc4 20. Nh4 Kf7 21.
Nf5 Kg6 22. Rac1 Bxf1 23. Rxf1 a6 24. Bd5 Rc2 25. Bxb7 Ra7 26. Bxa6 Rxa2 27. Bf8
Re2 28. Ng3 Rb2 29. Nf5 Re2 30. Nd6 Rd7 31. Rc1 Kg5 32. Kf1 Ra2 33. Bb7 Rd2 34.
Ke1 R2xd6 35. Bxd6 Rxd6 36. Bc8 Rd4 37. f3 Kf4 38. Rc6 Ke3 39. Rxb6 Rd2 40. Rc6
Rxg2 41. Kf1 Rf2+ 42. Kg1 Kxf3 43. Rc3+ Ke2 44. Rc2+ Ke3 45. Rxf2 Kxe4 46. b6
Kd5 47. b7 e4 48. b8=Q Kd4 49. Qb4+ 1-0

[Event "AUTO-INT-1128"]
[Site "http://www.queenalice.com/game.php?id=504708"]
[Date "2008.12.8"]
[Round "1"]
[White "Neuschwanstein_Schloss"]
[Black "ingridcardoso"]
[Result "0-1"]
[WhiteElo "1593"]
[BlackElo "1582"]

1. e4 e5 2. Nf3 Nc6 3. Bc4 Nf6 4. Ng5 Bc5 5. Nxf7 Qe7 6. Nxh8 d6 7. d3 Be6 8.
O-O O-O-O 9. Bg5 Rxh8 10. c3 h6 11. b4 Bb6 12. b5 d5 13. bxc6 dxc4 14. dxc4 Bxc4
15. Re1 bxc6 16. Nd2 Rd8 17. Qc2 Qc5 18. Nb3 Bxb3 19. axb3 hxg5 20. b4 Qc4 21.
Ra4 Rd4 22. b5 Qxb5 23. cxd4 Bxd4 24. Rxa7 Bxa7 25. g3 Ng4 26. Kg2 Bxf2 27. Rd1
Ne3+ 28. Kxf2 Nxc2 29. h4 Qc5+ 30. Kg2 Ne3+ 0-1

[Event "AUTO-INT-1128"]
[Site "http://www.queenalice.com/game.php?id=504710"]
[Date "2008.12.8"]
[Round "1"]
[White "Neuschwanstein_Schloss"]
[Black "Attia"]
[Result "1-0"]
[WhiteElo "1558"]
[BlackElo "1562"]

1. e4 e5 2. Nf3 Nc6 3. Bc4 h6 4. d3 Nf6 5. Be3 Ng4 6. d4 Nxe3 7. fxe3 Bd6 8. d5
Na5 9. b3 Nxc4 10. bxc4 O-O 11. O-O Bc5 12. Nxe5 Bxe3+ 13. Kh1 Qf6 14. Rxf6 1-0

[Event "AUTO-INT-1128"]
[Site "http://www.queenalice.com/game.php?id=504711"]
[Date "2008.12.8"]
[Round "1"]
[White "Attia"]
[Black "Neuschwanstein_Schloss"]
[Result "0-1"]
[WhiteElo "1566"]
[BlackElo "1531"]

1. e4 e5 2. Nf3 Nc6 3. Nc3 Bc5 4. Bc4 d6 5. d3 Bg4 6. h3 Bxf3 7. Qxf3 Nd4 8. Qg3
Nxc2+ 9. Kf1 Nxa1 10. Qxg7 Qf6 11. Qxf6 Nxf6 0-1

[Event "AUTO-INT-1128"]
[Site "http://www.queenalice.com/game.php?id=576799"]
[Date "2009.4.24"]
[Round "2"]
[White "Neuschwanstein_Schloss"]
[Black "ingridcardoso"]
[Result "1-0"]
[WhiteElo "1593"]
[BlackElo "1573"]

1. e4 e5 2. Nf3 Nc6 3. Bc4 Nf6 4. Ng5 d5 5. Bb3 Be6 6. exd5 Bxd5 7. d3 Bc5 8.
O-O O-O 9. c4 Be6 10. Be3 Nd4 11. Ne4 b6 12. Bg5 1-0

[Event "AUTO-INT-1128"]
[Site "http://www.queenalice.com/game.php?id=576800"]
[Date "2009.4.24"]
[Round "2"]
[White "ingridcardoso"]
[Black "Neuschwanstein_Schloss"]
[Result "0-1"]
[WhiteElo "1589"]
[BlackElo "1577"]

1. e4 e5 2. Nf3 Nc6 3. Bb5 Bc5 4. Bxc6 dxc6 5. O-O Qf6 6. d3 Bg4 7. Nbd2 Nh6 8.
Nc4 Bd6 9. Bxh6 O-O-O 10. Bg5 Qg6 11. Bxd8 Rxd8 0-1

[Event "AUTO-INT-1128"]
[Site "http://www.queenalice.com/game.php?id=576801"]
[Date "2009.4.24"]
[Round "2"]
[White "Neuschwanstein_Schloss"]
[Black "Landoaldojr"]
[Result "0-1"]
[WhiteElo "1562"]
[BlackElo "1733"]

1. e4 e5 2. Nf3 Bd6 3. d4 exd4 4. Qxd4 Qf6 5. Qe3 Qf4 6. Nc3 Qxe3+ 7. fxe3 Ne7
8. e5 Bb4 9. Bc4 O-O 10. O-O h6 11. Nd5 Nxd5 12. Bxd5 c6 13. Bb3 d5 14. a3 Bc5
15. c4 dxc4 16. Bxc4 b5 17. Bb3 Bf5 18. Bd2 Bd3 19. Rfc1 Bb6 20. a4 bxa4 21.
Bxa4 c5 22. Nh4 Be4 23. Rc4 Bd5 24. Rg4 Be6 25. Rg3 Nd7 26. Bc6 Rac8 0-1

[Event "AUTO-INT-1128"]
[Site "http://www.queenalice.com/game.php?id=576802"]
[Date "2009.4.24"]
[Round "2"]
[White "Landoaldojr"]
[Black "Neuschwanstein_Schloss"]
[Result "1-0"]
[WhiteElo "1723"]
[BlackElo "1572"]

1. d4 d5 2. e3 Bf5 3. Nc3 Nc6 4. a3 a6 5. Bd3 e6 6. Bxf5 Nf6 7. Bd3 Bd6 8. Nh3
O-O 9. O-O b5 10. b4 e5 11. Be2 Qd7 12. Ng5 e4 13. f3 h6 14. Nh3 a5 15. Nxb5
exf3 16. Rxf3 axb4 17. Nxd6 Qxd6 18. Bb2 Ng4 19. Nf4 g5 20. Rg3 Nf6 21. Nd3 Ne4
22. Rh3 Kg7 23. Qe1 f5 24. Ne5 Nxe5 25. dxe5 1-0

[Event "AUTO-INT-1128"]
[Site "http://www.queenalice.com/game.php?id=576803"]
[Date "2009.4.24"]
[Round "2"]
[White "Neuschwanstein_Schloss"]
[Black "tomatito"]
[Result "0-1"]
[WhiteElo "1546"]
[BlackElo "1793"]

1. e4 e5 2. Nf3 Nc6 3. Bc4 Nf6 4. Ng5 d5 5. Bb5 Nxe4 6. d3 Nxg5 7. Nc3 Bb4 8.
O-O O-O 9. Bxc6 bxc6 10. Qh5 f6 11. Bxg5 fxg5 12. a3 Bxc3 13. bxc3 g6 14. Qe2
Qe7 15. d4 e4 16. f3 a5 17. c4 dxc4 18. Qxc4+ Qe6 19. Qe2 Ba6 20. Qxe4 Qxe4 21.
fxe4 Bxf1 22. g3 Bh3 23. e5 Rf3 24. e6 Raf8 0-1

[Event "AUTO-INT-1128"]
[Site "http://www.queenalice.com/game.php?id=576804"]
[Date "2009.4.24"]
[Round "2"]
[White "tomatito"]
[Black "Neuschwanstein_Schloss"]
[Result "1-0"]
[WhiteElo "1786"]
[BlackElo "1553"]

1. e4 e5 2. Nf3 Nc6 3. Bc4 Bc5 4. O-O d6 5. d3 Be6 6. Bxe6 fxe6 7. Ng5 Qe7 8.
Nc3 O-O-O 9. Nf3 h5 10. Bg5 Nf6 11. h3 g6 12. Na4 d5 13. Nxc5 b6 14. Nb3 dxe4
15. Nh4 exd3 16. Nxg6 Qg7 17. Nxh8 Rxh8 18. Bxf6 Qxf6 19. Qxd3 Nb4 20. Qe4 Nd5
21. Rae1 Rg8 22. Qxe5 Qg6 23. Qxe6+ Kb8 24. Qxd5 1-0

[Event "Challenge"]
[Site "http://www.queenalice.com/game.php?id=579841"]
[Date "2009.4.29"]
[Round "-"]
[White "sejalivre"]
[Black "Neuschwanstein_Schloss"]
[Result "1-0"]
[WhiteElo "1596"]
[BlackElo "1608"]

1. e4 e5 2. Nf3 Nc6 3. d4 exd4 4. Nxd4 d5 5. e5 Nxe5 6. Bb5+ c6 7. Ba4 Bc5 8.
O-O Qf6 9. Nc3 Qh4 10. Nxd5 Nf6 11. Nc7+ Ke7 12. Be3 Rb8 13. Nf5+ Bxf5 14. Bxc5#
1-0